000 01105cam5a220027701 4500
001 lce01270138
008 800530s1960 lo s000 0 eng
010 _a 80476098 //r83
035 _a(Sirsi) r35030
035 _a(DLC) 80476098 //r83
035 _a(UPRA)lce01270138
041 0 _aengnic
043 _af-lo---
050 0 _aT166.L5
_bB37 1960
082 _a607/.126816
110 1 _bCommission Enquiring into the Disturbances at the Lerotholi Technical School and the Basutoland High School.
_6A98073.1
245 1 0 _aReport of the Commission Enquiring into the Disturbances at the Lerotholi Technical School and the Basutoland High School =
_bTlaleho ea Lekhotla la Patlisiso Mefere-Fereng [i.e. Mofere-Fereng] ea Likolo tsa Lerotholi le Basutoland High School.
260 _a[Maseru] :
_bBasutoland,
_c1960.
500 _aCover title.
500 _aEnglish and Sotho on opposite pages.
500 _aCyclostyled.
610 2 0 _aLerotholi Technical School.
_6S70804.1
610 2 0 _aBasutoland High School.
_6S70805.1
949 _aT166.L5
_wlcc
_mMAIN
_tBOOK
_lON-SHELF
004 35030
999 _c66928
_d66928